000 00886nam a2200229 i 4500
001 139954
003 ES-MaACL
005 20250730155723.0
007 t|
008 070214s1971 sp |||| | spa d
100 1 _aSchop Soler, Ana María.
_9104656
245 1 4 _aLas relaciones entre España y Rusia en la época de Carlos IV /
_cAna María Schop Soler ; prólogo de Carlos Seco Serrano.
260 _aBarcelona :
_bUniversidad, Facultad de Filosofía y Letras,
_c1971.
300 _aXVII, 196 p. ;
_c22 cm.
651 4 _aEspaña-
_xRelaciones-
_zRusia.
_9170136
651 4 _aRusia-
_xRelaciones-
_zEspaña.
_9170137
651 4 _aEspaña-
_xHistoria-
_y1788-1808, Carlos IV.
_98242
700 1 _aSeco Serrano, Carlos,
_d1923-2020
_9105054
710 2 _aUniversidad de Barcelona.
_bFacultad de Filosofía y Letras.
_97149
852 _aES-MaACL
_jC-45615
999 _c139954
_d139954